| 000 | 02404ngm a22004932i 4500 | ||
|---|---|---|---|
| 005 | 20200320223417.0 | ||
| 007 | vd cvaizk | ||
| 008 | 190315s2019 xxu108 e vleng d | ||
| 020 | _c$29.99 | ||
| 024 | 1 | _a024543522393 (videorecording) | |
| 040 |
_beng _erda _dCTMM |
||
| 082 | 0 | 4 |
_a[Fic] _223 |
| 245 | 0 | 4 |
_aThe aftermath _h[videorecording] / _cDirector, James Kent. |
| 264 | 1 |
_a[United States] : _b20th Century Fox Home Entertainment, _c2019. |
|
| 264 | 2 |
_aOld Saybrook, Connecticut : _bwww.micromarketing.org |
|
| 300 |
_a1 videodisc (ca. 108 min.) : _bsd., col. ; _c4 3/4 in. |
||
| 336 | _atwo-dimensional moving image | ||
| 337 | _avideo | ||
| 338 | _avideodisc | ||
| 344 |
_adigital _boptical _gstereo _2rda |
||
| 346 |
_aNTSC _2rda |
||
| 347 |
_avideo file _bDVD video _eregion 1 _2rda |
||
| 500 | _aWidescreen edition. | ||
| 500 | _a[Typographic symbols and accents removed for systems compatibility.] | ||
| 508 | _aDirector, James Kent. | ||
| 511 | 1 | _aAlexander Skarsgard, Keira Knightley, Jason Clarke, Martin Compston, Kate Phillips. | |
| 520 | _aIn postwar Germany in 1946, Rachael Morgan arrives in the ruins of Hamburg in the bitter winter, to be reunited with her husband Lewis, a British colonel charged with rebuilding the shattered city. But as they set off for their new home, Rachael is stunned to discover that Lewis has made an unexpected decision: They will be sharing the grand house with its previous owners, a German widower and his troubled daughter. In this charged atmosphere, enmity and grief give way to passion and betrayal. | ||
| 521 | 8 | _aRating: R. | |
| 538 | _aDVD, color, widescreen, NTSC. | ||
| 546 | _aEnglish audio. | ||
| 588 | _aTitle and description based on researched data; resource not viewed. | ||
| 650 | 0 |
_aMan-woman relationships _vDrama. _95673977 |
|
| 650 | 0 |
_aWorld War, 1939-1945 _vDrama. _95675021 |
|
| 655 | 7 |
_aFeature films. _2lcgft _96020355 |
|
| 700 | 1 |
_aSkarsgard, Alexander. _95712812 |
|
| 700 | 1 |
_aKnightley, Keira. _95881386 |
|
| 700 | 1 |
_aClarke, Jason. _958111 |
|
| 700 | 1 |
_aCompston, Martin. _95787751 |
|
| 700 | 1 |
_aPhillips, Kate. _96020356 |
|
| 942 |
_cDVD _02 |
||
| 948 |
_a02/24/2020 _zSirsi |
||
| 949 | _nwww.MicroMarketing.org 800-229-9887 | ||
| 996 |
_a175603 _b34301001680737 _cDVD _dDVD _ewcl _fo _g2 _h17.99 _lMidwest Tape _mAft _p02/24/2020 _q02/25/2020 _r03/12/2020 |
||
| 999 |
_c324428 _d324427 |
||